Click the Regions of Finland on a Map - Statistics

General Stats
  • This quiz has been taken 131 times
  • The average score is 12 of 19
Answers on the Map
Answers color-coded by a green-red scale on the quiz's map according to % correct below.
 
Answer Stats
Answer % Correct
Lapland
94%
Southwest Finland
86%
Åland
83%
North Karelia
78%
South Karelia
77%
Central Finland
74%
North Ostrobothnia
66%
South Savo
65%
North Savo
63%
Central Ostrobothnia
62%
Uusimaa
62%
Kainuu
60%
Ostrobothnia
54%
Pirkanmaa
54%
South Ostrobothnia
52%
Kanta-Häme
46%
Päijät-Häme
46%
Satakunta
45%
Kymenlaakso
31%
No matching quizzes found
Score Distribution
Percent of People with Each Score
Percentile by Number Answered
Your Score History
You have not taken this quiz